| 000 | 01149nam a2200229Ia 4500 | ||
|---|---|---|---|
| 001 | L350-48173 | ||
| 003 | IT-CnALBA | ||
| 008 | 170116s9999||||xx |||||||||||||| ||und|| | ||
| 040 |
_aIT-CnALBA _cIT-CnALBA |
||
| 041 | _aITALIANO | ||
| 100 | _aOSTROGORSKI Y. MOISEI | ||
| 245 | 0 | _aLA COSTITUZIONE INGLESE. | |
| 250 | _a1a ed. | ||
| 260 |
_aNAPOLI _bGUIDA ALFREDO E C. EDITORI _c1998 [1° Ed.:1998 - Ed.Ling.Originale: 1998] |
||
| 300 | _a158 p. | ||
| 500 | _aCURATORE QUAGLIARIELLO G., INTRODUZIONE. EVOLUZIONE COSTITUZIONE INGLESE, 1950... PREFAZIONE. LOTTA PER IL DIRITTO DEL VOTO. CADUTA CAMERA DEI LORD. DECLINO CAMERA COMUNI. APOTEOSI DELLA MONARCHIA. TRIONFO DELLA DEMOCRAZIA. | ||
| 501 | _aSocietà San Paolo EM - Piazza San Paolo, 14 - 12051 ALBA (CN) (non commercial uses only) ® Copyright 2017 | ||
| 520 | _aCURATORE QUAGLIARIELLO G., INTRODUZIONE. EVOLUZIONE COSTITUZIONE INGLESE, 1950... PREFAZIONE. LOTTA PER IL DIRITTO DEL VOTO. CADUTA CAMERA DEI LORD. DECLINO CAMERA COMUNI. APOTEOSI DELLA MONARCHIA. TRIONFO DELLA DEMOCRAZIA. | ||
| 650 | _aAMMIN. PUBBL. POT. ES. ARTE-SCIEN. MIL | ||
| 942 | _cBK | ||
| 957 | _71 | ||
| 999 |
_a54688 _bNO _g Copie: 1 _c307093 _d307093 |
||